000 00645nam a2200205 4500
003 OSt
005 20240715031202.0
006 a
008 240715b |||||||| |||| 00| 0 eng d
020 _a9780691125145
040 _aDWCL-Main lib.
_cOC
082 _aCirc. 519.32 N153c 2007
100 _aNahin, Paul J.
245 _aChases and escapes: the mathematics of pursuit and evasion /
260 _aPrinceton, N. J. :
_bPrinceton University Press,
_cc2007.
300 _axiv,
_b253 p. : ill. ;
_c24 cm.
504 _aIncludes bibliographical references and index.
650 _a1. Differential games.
942 _2ddc
_n0
_cBK-CIRC
_kCirc.
999 _c2167
_d2167